000 00691na a2200253 4500
001 13426
003 MIRAKIL
005 20181213154754.0
008 161010b tu 000 0
020 _a9751913691
035 _a13426
040 _aMilas
_btur
_cTR-AnCHP
041 _atur
082 _a334.1
_bA47t 1996
090 _a334.1 A47t 1996
100 _aAltaban, Özcan
245 _aToplu konut alanlarında örgütlenme ve işletme
_cÖzcan Altaban
260 _aAnkara
_bODTÜ Basım
_c1996
300 _axi, 117 s.
_c24 sm.
490 _aKonut Araştırmaları Dizisi : 13
650 _aÖrgütsel yönetim
650 _aToplu konutlar
_xİşletmeler
942 _2ddc
_cBKS
999 _c591
_d591